000 00576nam a22001697a 4500
003 OSt
005 20250620095903.0
008 250620b |||||||| |||| 00| 0 eng d
040 _cAIMIT LIBRARY
100 _aDhananjaya.
_e221806
_9215619
245 _aExploring gene expression regulation mechanisms in the context of human tissue development /
_cBy Dhananjaya.
260 _aMangalore
_c2024
700 _aVarky, Shine P.
_eMentor
_9215620
700 _aAcharya, Kshithish.
_eGuide
_9215621
856 _3Shodhaka Life Sciences.
_uhttps://www.shodhaka.net
942 _2ddc
_cPRO
999 _c234501
_d234501